| 000 | 00716nam a2200229Ia 4500 | ||
|---|---|---|---|
| 001 | 7449 | ||
| 003 | GE_BSU | ||
| 008 | 181216s||||||||xx |||||||||||||| ||und|| | ||
| 040 | _cGE_BSU | ||
| 080 | _a821.353.1-1 | ||
| 100 | _aდიასამიძე, სულიკო | ||
| 245 | _aმე ასე ვფიქრობ | ||
| 245 | _bლექსები | ||
| 245 | _cრედ: ლ. თურბანდიშვილი; მხატვ: სპ. ცინცაძე | ||
| 260 | _aთბილისი | ||
| 260 | _bმერანი | ||
| 260 | _c1985 | ||
| 300 | _a47 გვ; 15 სმ | ||
| 653 | _aლექსები. | ||
| 653 | _aმე ასე ვფიქრობ | ||
| 942 | _cBK | ||
| 999 |
_c40809 _d40809 |
||